History Quiz

Random History Quiz
Score 0/10 Timer 05:00
0 Plays Today
Year % Correct
1946Syria
99.2%
1943Lebanon
94.7%
1932Iraq
93.9%
1946Jordan
92.4%
1922Egypt
83.3%
1932Saudi Arabia
82.6%
1918Iran
78.8%
1918Yemen
76.5%
1923Turkey
73.5%
1919Afghanistan
34.1%
Remove Ads.
Support Sporcle.
Get the best of Sporcle when you Go Orange. This ad-free experience offers more features, more stats, and more fun while also helping to support Sporcle. Thank you for becoming a member.

You're not logged in!

Compare scores with friends on all Sporcle quizzes.
OR
Log In

Show Comments

Extras

Top Quizzes Today


Score Distribution

Your Account Isn't Verified!

In order to create a playlist on Sporcle, you need to verify the email address you used during registration. Go to your Sporcle Settings to finish the process.

Report this User

Report this user for behavior that violates our Community Guidelines.

Details: